Test de rapidité - Jour de la semaine - Statistiques

Statistiques générales
  • Ce quiz a été pris 107 fois
  • Le résultat moyen est 6 sur 7
Statistiques - réponses
Réponse % Correct
Lundi
100%
Mardi
98%
Jeudi
96%
Mercredi
96%
Vendredi
89%
Samedi
86%
Dimanche
70%
Aucun quiz correspondant
Distribution des résultats
% des personnes avec chaque résultat
Percentile par nombre de réponses
Votre historique - résultats
Vous n’avez pas pris ce quiz